000 00566nam a2200181Ia 4500
003 OSt
005 20230606150202.0
008 210423s2003 xx 000 0 und d
040 _cAL
041 _aeng
082 _a362.7 REDM
_223
100 _aREDDY (G Narayana);REDDY (Suma Narayan).
_9120411
245 _aManaging childhood problems: support stratigies and interventions.
260 _bKanishka Publishers Distributors
_c2003
365 _b595
_cINR
906 _achildhood ; interventions. ; Managing ; problems: ; stratigies ; support
942 _2ddc
_cBK
999 _c173787
_d173787